00889nam a22001817a 450000500170000000800410001704000560005804100080011411101520012224000130027424501550028726000590044230000170050165000190051865000280053765100860056571000560065120211111081956.0130821s2010 ck gr spa  aCO-BoUCMbspacJose A. Gerena (modificó)d[Nuevo]00aspa2 aSeminario Internacional de Inteligencia. propositos y controles de la inteligencia en una democracia modernad2010 abr. 29-30cBogotá, Colombia)1 aMemorias10aSeminario Internacional de Inteligencia. propositos y controles de la inteligencia en una democracia modernacDepartamento administrativo de seguridad aBogotá (Colombia)bImprenta NacionalcAgosto de 2010 a86 páginas04aCriminología04aPrevención del delito 4aColombiabDepartamento Administrativo de SeguridadvCongresos, conferencias, etc.1 aColombia.bDepartamento Administrativo de Seguridad